000 01070nam a22003497a 4500
001 0047352
003 KOHA_MİRAKIL
005 20260207003544.0
007 ta
008 190311b2011 tu |||gr||||#0|||1|tur |
020 _a9789750821127
040 _aTR-BiSEU
_btur
_cTR-BiSEU
_erda
041 0 _atur
044 _ctu
050 _aPC840.1.D34
_bK39 2011
100 1 _aAdameşteaunu, Gabriela.
240 1 0 _lTürkçe
245 1 _aKayıp sabah/
_cGabriela Adameşteaunu ; Gabriela Adameşteaunu; çeviren Leila Ünal.
264 1 _aİstanbul :
_bYapı Kredi Yayınları
_c2011
300 _a437 sayfa; 23 cm.
336 _ametin
_btxt
_2rdacontent
337 _aaracısız
_bn
_2rdamedia
338 _acilt
_bnc
_2rdacarrier
490 1 _aYapı Kredi Yayınları ;
_v3443.
490 1 _aEdebiyat ;
_v1002
500 _aÖzgün adı: Dimineata pierduta
650 0 _aRomania--History--20th century--Fiction.
_987010
830 1 _aYapı Kredi Yayınları ;
_v3443.
_97873
830 1 _aEdebiyat ;
_v1002
_95879
907 _aRoman
942 _2lcc
_cBK
999 _c47197
_d47197